Elements of capital transfer tax

Bibliographic Details
Main Author: Hayton, David J.
Other Authors: Tiley, John
Format: Book
Published: London : Butterworths , 1975
Subjects:

MARC

LEADER 00000cam a2200000 7i4500
001 0000009202
005 20161018.0
020 |a 406665109 
040 |a INS 
090 0 0 |a KD5560   |b H38 1975 
100 1 |a Hayton, David J. 
245 1 0 |a Elements of capital transfer tax   |c by David J. Hayton and John Tiley 
260 |a London :   |b Butterworths ,   |c 1975 
300 |a 243p ;   |c 22cm. 
650 0 |a Gifts   |x Taxation   |x Law and legislation   |z Great Britain 
650 0 0 |a Taxation 
700 1 |a Tiley, John 
999 |a 0000024023   |b BOOK   |c Open Shelf   |e Default branch